English for international tourism / Pre - intermediate student’s book

Na minha lista:
Detalhes bibliográficos
Autor principal: Dubicka, Lwonna
Formato: online
Idioma:English
Publicado em: Oxford University Press, 2007.
Assuntos:
Tags: Adicionar Tag
Sem tags, seja o primeiro a adicionar uma tag!
Thư viện lưu trữ: Mạng thư viện Đại học Đà Nẵng
LEADER 01002ca a2200277 4500
001 000030505
003 4088
005 20240927151026.0
008 151001s2007 000 eng
020 |a 9780582479883 
041 |a eng 
082 |a 428  |b DU-L 
100 |a Dubicka, Lwonna 
245 0 |a English for international tourism /  |c Lwonna Dubicka, Margaret O’keeffe  |n Pre - intermediate student’s book 
260 |a Oxford University Press,  |c 2007. 
300 |a 143p. : ;  |c 28cm. 
650 |a English for international tourism 
653 |a English tourism  |a international tourism 
OWN |a LNN 
AVA |a UDN50  |b LNN  |c English  |d 428DU-L  |e available  |t Error 5001 Not defined in file expand_doc_bib_avail.  |f 1  |g 0  |h N  |i 0  |j AN  |k 1 
999 |a From the UDN01 
AVA |a UDN50  |b LNN  |c English  |d 428DU-L  |e available  |t Error 5001 Not defined in file expand_doc_bib_avail.  |f 1  |g 0  |h N  |i 0  |j AN  |k 1 
980 |a Mạng thư viện Đại học Đà Nẵng